Meistbesuchte Museen der Welt, ihre Städte und Länder - Statistiken

Allgemein
  • Dieses Quiz wurde 250 mal gespielt
  • Das Durchschnittsergebnis liegt bei 18 aus 46
Antwortstatistiken
Besucher Museum % Korrekt
7,400,000 Louvre
94%
Paris
90%
Frankreich
88%
Vereinigte Staaten
79%
New York City
78%
London
74%
Vereinigtes Königreich
72%
Italien
68%
Spanien
68%
Madrid
67%
Russland
64%
Sankt Petersburg
61%
Moskau
54%
Amsterdam
49%
Niederlande
49%
Washington, D.C
49%
Florenz
47%
3,460,500 Victoria and Albert Museum
41%
Australien
38%
Brasilien
37%
Mexiko
37%
2,790,000 Museum of Modern Art
37%
Mexico City
36%
4,119,000 Eremitage
32%
Rio de Janeiro
32%
2,010,631 Galleria degli Uffizi
30%
6,420,000 British Museum
29%
Melbourne
29%
3,033,754 Museo del Prado
29%
Vatikanstadt
25%
Vatikanstadt
25%
3,000,000 Musée d'Orsay
23%
5,839,000 Tate Modern
23%
7,006,000 Metropolitan Museum of Art
20%
2,500,000 Rijksmuseum
19%
2,100,000 Van Gogh Museum
17%
6,263,000 National Gallery
13%
6,067,000 Vatikanische Museen
11%
3,649,000 Reina Sofia
7%
2,325,795 Tretjakow-Galerie
6%
2,668,000 National Gallery of Victoria
5%
2,528,550 Staatliches Historisches Museum
2%
2,246,000 Museo Soumaya
1%
4,260,000 National Gallery of Art
1%
2,216,000 Centro Cultural Banco do Brasil
0%
3,335,509 Musée National d'Art Moderne
0%
Keine übereinstimmenden Quizze gefunden
Verteilung der Resultate
Anzahl Personen mit jedem Resultat
Perzentil nach korrekt beantworteten Fragen
Ihre Resultats-Entwicklung
Sie haben dieses Quiz noch nicht gespielt